| 000 | 00548nam a2200181 a 4500 | ||
|---|---|---|---|
| 001 | 24039 | ||
| 003 | CO-ViMGA | ||
| 008 | 141112s2004 ck r 000 u spa d | ||
| 020 | _a9789708300384 | ||
| 040 |
_aCO-ViMGA _bspa _cCO-ViMGA |
||
| 082 | 0 | 4 | _a515.35 Z455 |
| 100 | 1 |
_aZill, Dennis _934968 |
|
| 245 | 1 | 0 |
_aEcuaciones, Diferenciales : _bcon problemas con valoresen la frontera / _cDennis Zill |
| 260 |
_aMéxico : _bCengage |
||
| 650 | 1 | 4 |
_aECUACIONES DIFERENCIALES _9474 |
| 650 | 1 | 4 |
_aPROBLEMAS DE VALORES DE FRONTERAS _934969 |
| 942 |
_2ddc _cBK |
||
| 999 |
_c32098 _d32098 |
||